000 00181nam a2200073Ia 4500
008 170524s9999 xx 000 0 und d
100 _aBOLT- G
245 0 _aMARKETS & SALES FOR CASTING
260 _bPRAGATI PRAKASHAN
999 _c7907
_d7907